The meal Jesus gave us : meditations during Lent & Holy Week (Record no. 22941)

MARC details
000 -LEADER
fixed length control field 00461cam a2200169 i 4500
020 ## - INTERNATIONAL STANDARD BOOK NUMBER
ISBN 9780664261290 (alk. paper)
082 00 - DEWEY DECIMAL CLASSIFICATION NUMBER
Classification number 234.163
Author Cutter WRI
100 1# - MAIN ENTRY--AUTHOR NAME
Author name Wright, N. T.
245 14 - TITLE STATEMENT
Title The meal Jesus gave us : meditations during Lent & Holy Week
250 ## - EDITION STATEMENT
Edition statement Revised Edition.
260 ## - PUBLICATION, DISTRIBUTION, ETC. (IMPRINT)
Place of publication Delhi
Name of publisher ISPCK
Year of publication 2014
300 ## - PHYSICAL DESCRIPTION
Number of Pages v, 86 pages ;
500 ## - GENERAL NOTE
General note Originally published: Great Britain, 1999.
650 #0 - SUBJECT ADDED ENTRY--TOPICAL TERM
Topical Term Lord's Supper.
942 ## - ADDED ENTRY ELEMENTS (KOHA)
Koha item type Books
Holdings
Home library Current library Shelving location Date acquired Source of acquisition Cost, normal purchase price Full call number Accession Number Koha item type
Henry Martyn Institute Library Henry Martyn Institute Library General stacks 06/08/2020 ISPCK 95.00 234.163 WRI 11-4464 Books
Henry Martyn Institute Library Henry Martyn Institute Library General stacks 06/08/2020 ISPCK 95.00 234.163 WRI 11-4360 Books
Henry Martyn Institute Library Henry Martyn Institute Library General stacks 06/08/2020 ISPCK 95.00 234.163 WRI 11-4361 Books
                   Copyright © 2026 | Henry Martyn Institute | Hyderabad | TS-500052 | INDIA | Implemented by hmi.edu.in
Hit-Count:

Powered by Koha